Trend špeciál vysoké školy
Hodnotenie vysokých škôl. Ranking. Inovácie v hodnotení. Rebríčky - fakulty v skupinách, počet doktorandov, vedecké práce s viacerými citáciami, najviac získaných grantov, najviac profesorov a docentov, publikácie, citácie a tvoriví pracovníci, študenti verzus profesori a docenti. Vedecký potenciál.
Gespeichert in:
| Format: | Buchkapitel |
|---|---|
| Sprache: | Slowakisch |
| Schlagworte: | |
| Tags: |
Keine Tags, Fügen Sie das erste Tag hinzu!
|
MARC
| LEADER | 00000naa$a2200000$$$4500 | ||
|---|---|---|---|
| 001 | 0068244 | ||
| 005 | 20231009074113.3 | ||
| 041 | 0 | |a slo | |
| 044 | |a SK | ||
| 245 | 1 | 0 | |a Trend špeciál |b vysoké školy |
| 520 | |a Hodnotenie vysokých škôl. Ranking. Inovácie v hodnotení. Rebríčky - fakulty v skupinách, počet doktorandov, vedecké práce s viacerými citáciami, najviac získaných grantov, najviac profesorov a docentov, publikácie, citácie a tvoriví pracovníci, študenti verzus profesori a docenti. Vedecký potenciál. | ||
| 610 | 2 | 0 | |a školy vysoké |
| 610 | 2 | 0 | |a univerzity |
| 610 | 2 | 0 | |a hodnotenie pracoviska |
| 610 | 2 | 0 | |a hodnotenie práce |
| 610 | 2 | 0 | |a hodnotenie pracovníkov |
| 610 | 2 | 0 | |a pracovníci vedeckí |
| 610 | 2 | 0 | |a študenti |
| 610 | 2 | 0 | |a granty |
| 610 | 2 | 0 | |a Slovensko |